000
00321 a2200157 4500
001
159122
020
_a
040
_c
Magnum
100
_a
-
240
1
0
_a
Enciclopedia da ciencia
_l
por
245
1
0
_a
Enciclopedia da ciencia
362
0
_a
1899
440
1
_a
Globo
697
_a
MAGNITO: ENCICLOPEDIAS
942
_c
BK
999
_c
159122
_d
159122